Chaos- the interplay between stochastic and deterministic behaviour: proceedings of the XXXIst Winter School of Theoretical Physics ed by Piotr Garbaczewski and others (Record no. 1211586)
[ view plain ]
| 000 -LEADER | |
|---|---|
| fixed length control field | 01391nam a2200337Ia 4500 |
| 003 - CONTROL NUMBER IDENTIFIER | |
| control field | OSt |
| 005 - DATE AND TIME OF LATEST TRANSACTION | |
| control field | 20221007123237.0 |
| 008 - FIXED-LENGTH DATA ELEMENTS--GENERAL INFORMATION | |
| fixed length control field | 221006b |||||||| |||| 00| 0 eng d |
| 020 ## - INTERNATIONAL STANDARD BOOK NUMBER | |
| International Standard Book Number | 3540601880 (Berlin:hbd) |
| 037 ## - SOURCE OF ACQUISITION | |
| Terms of availability | Textual |
| 040 ## - CATALOGING SOURCE | |
| Original cataloging agency | PAPL |
| Transcribing agency | PAPL |
| Language of cataloging | eng |
| 041 ## - LANGUAGE CODE | |
| Source of code | eng |
| Language code of text/sound track or separate title | eng |
| 100 ## - MAIN ENTRY--PERSONAL NAME | |
| Personal name | Garbaczewski Piotr^eand other |
| 9 (RLIN) | 716947 |
| 111 ## - MAIN ENTRY--MEETING NAME | |
| Meeting name or jurisdiction name as entry element | Winter School of Theoretical physics^j31st^gKarpacz^i1995 |
| 9 (RLIN) | 716948 |
| 245 #0 - TITLE STATEMENT | |
| Title | Chaos- the interplay between stochastic and deterministic behaviour: proceedings of the XXXIst Winter School of Theoretical Physics ed by Piotr Garbaczewski and others |
| 260 ## - PUBLICATION, DISTRIBUTION, ETC. | |
| Place of publication, distribution, etc. | Berlin |
| Name of publisher, distributor, etc. | Springer Verlag |
| Date of publication, distribution, etc. | 1995 |
| 300 ## - PHYSICAL DESCRIPTION | |
| Extent | xii,571p |
| Dimensions | cm. |
| 490 ## - SERIES STATEMENT | |
| Series statement | Lecture notes in physics; 457 |
| 500 ## - GENERAL NOTE | |
| General note | Includes bibliographical references; ^n23/CSL/CARPA/96-97/3981^d1996-08-13^mPurchase; ; 96-97/113^b1996-09-17^c043223^d1996-09-06^eNarosa Book Distributors Private Limited; ; 1996-09-23^bSB^c1996-10-24^r1996-11-19 |
| 650 ## - SUBJECT ADDED ENTRY--TOPICAL TERM | |
| Topical term or geographic name entry element | Chaos |
| 650 ## - SUBJECT ADDED ENTRY--TOPICAL TERM | |
| Topical term or geographic name entry element | Dynamics |
| 9 (RLIN) | 453975 |
| 650 ## - SUBJECT ADDED ENTRY--TOPICAL TERM | |
| Topical term or geographic name entry element | International conference |
| 9 (RLIN) | 716795 |
| 650 ## - SUBJECT ADDED ENTRY--TOPICAL TERM | |
| Topical term or geographic name entry element | Nonlinear systems |
| 9 (RLIN) | 715548 |
| 650 ## - SUBJECT ADDED ENTRY--TOPICAL TERM | |
| Topical term or geographic name entry element | Mechanics |
| 942 ## - ADDED ENTRY ELEMENTS (KOHA) | |
| Classification part | B7:3551p1,N95, N5 |
| Koha item type | Textual |
| Source of classification or shelving scheme | Colon Classification (CC) |
| Withdrawn status | Lost status | Source of classification or shelving scheme | Damaged status | Not for loan | Home library | Current library | Date acquired | Source of acquisition | Total Checkouts | Full call number | Barcode | Date last seen | Price effective from | Koha item type |
|---|---|---|---|---|---|---|---|---|---|---|---|---|---|---|
| Colon Classification (CC) | Department of Physics and Astrophysics Library | Department of Physics and Astrophysics Library | 2022-10-07 | Narosa, | B7:3551p1,N95 N5 | PA0005121 | 2022-10-07 | 2022-10-07 | Textual |
